000 00865cam a22002411 4500
001 sa 66001876
003 DLC
005 20260227112225.0
008 861103s1964 ii 000 0 eng
010 _asa 66001876
025 _aPL480:I-E-4898
035 _a(OCoLC)14628633
040 _aDLC
_cWaU
_dDLC
042 _apremarc
050 0 0 _aHE1783.I4
_bA478
110 1 _aIndia (Republic).
_bRailway Inspectorate.
245 1 0 _aRailway accident;
_breport on derailment of no. 110 up Trivandrum-Madras passenger at Sundaraperumalkoil station (Southern Railway) on 2nd March 1962.
260 _aDelhi,
_bManager of Publications,
_c1964.
300 _a12 p.
_c34 cm.
500 _aCover title.
650 0 _aRailroad accidents
_zIndia.
740 0 _aReport on derailment of no. 110 up Trivandrum-Madras passenger at Sundaraperumalkoil station (Southern Railway)
999 _c68041
_d68041